Sustainability (Record no. 115807)

MARC details
000 -LEADER
fixed length control field 00709cam a22002055a 4500
001 - CONTROL NUMBER
control field L159325
008 - FIXED-LENGTH DATA ELEMENTS--GENERAL INFORMATION
fixed length control field 160811s2015 xxk f 000 0 eng d
020 ## - INTERNATIONAL STANDARD BOOK NUMBER
International Standard Book Number 9780262331401
035 ## - SYSTEM CONTROL NUMBER
System control number (Sirsi) u159325
041 0# - LANGUAGE CODE
Language code of text/sound track or separate title eng
100 1# - MAIN ENTRY--PERSONAL NAME
Personal name Portney, Kent
245 00 - TITLE STATEMENT
Title Sustainability
Medium [electronic resource]
260 ## - PUBLICATION, DISTRIBUTION, ETC.
Place of publication, distribution, etc. Cambridge, Mass
Name of publisher, distributor, etc. Mit Press
Date of publication, distribution, etc. 2015
520 ## - SUMMARY, ETC.
Summary, etc. Guide to the meanings of sustainability including the evolution of the idea and its application in a variety of contemporary contexts.
590 ## - LOCAL NOTE (RLIN)
Local note KA
651 #4 - SUBJECT ADDED ENTRY--GEOGRAPHIC NAME
Geographic name International
690 ## - LOCAL SUBJECT ADDED ENTRY--TOPICAL TERM (OCLC, RLIN)
Topical term or geographic name as entry element Sustainability
9 (RLIN) 6271
856 40 - ELECTRONIC LOCATION AND ACCESS
Uniform Resource Identifier <a href="https://www.vlebooks.com/">https://www.vlebooks.com/</a>
Public note View on VLEbooks. Logins for members only from [email protected]
942 ## - ADDED ENTRY ELEMENTS (KOHA)
Suppress in OPAC 0
Holdings
Withdrawn status Lost status Source of classification or shelving scheme Damaged status Not for loan Home library Current library Shelving location Date acquired Total Checkouts Full call number Barcode Date last seen Copy number Price effective from Koha item type
    Dewey Decimal Classification     London London Online 11/08/2016   ONLINE PUBLICATION 159325-1001 06/08/2019 1 06/08/2019 Book